NLSUI OPAC header image

Report on the British press : A survey of its current operations & problems with special referance to national newspapers & their part in public affairs (Record no. 7135)

MARC details
000 -LEADER
fixed length control field 00555nam a2200157Ia 4500
008 - FIXED-LENGTH DATA ELEMENTS--GENERAL INFORMATION
fixed length control field 160316s1938 xxu||||| |||| 00| 0 eng d
082 ## - DEWEY DECIMAL CLASSIFICATION NUMBER
Classification number 343.099800
Item number REP
100 ## - MAIN ENTRY--PERSONAL NAME
Personal name
245 ## - TITLE STATEMENT
Title Report on the British press : A survey of its current operations & problems with special referance to national newspapers & their part in public affairs
250 ## - EDITION STATEMENT
Edition statement
260 ## - PUBLICATION, DISTRIBUTION, ETC.
Place of publication, distribution, etc. London
Name of publisher, distributor, etc. Political & Economic Planning
Date of publication, distribution, etc. 1938
300 ## - PHYSICAL DESCRIPTION
Extent 333p.
Other physical details
Dimensions
365 ## - TRADE PRICE
Price amount Rs.
650 ## - SUBJECT ADDED ENTRY--TOPICAL TERM
Topical term or geographic name entry element 1.Press - Public Affairs - A Report<br/>2.Press - Public Affairs - Survey
700 ## - ADDED ENTRY--PERSONAL NAME
Personal name
--
Holdings
Withdrawn status Lost status Damaged status Not for loan Home library Current library Shelving location Date acquired Total Checkouts Full call number Barcode Date last seen Price effective from Koha item type
        NLS NLS Library Compactors 30/05/2017   343.0998 REP 7352 14/06/2024 30/05/2017 BOOKs